000 00838nam a2200277 4500
003 OSt
005 20260530115317.0
008 260507b1974 mx ||||| |||| 00| 0 spa d
040 _aICI
_bspa
_cICI
_erda
041 _aspa
050 _aLB880.F73
_bP4418
100 1 _aFreire, Paulo,
_d1974
_eautor
_933921
240 1 0 _aPedagogía del oprimido
_lEspañol
245 1 0 _aPedagogía del oprimido /
_c Paulo Freire ; traducción de Jorge Mellado
250 _a13ra ed.
264 1 _aMéxico
_bSiglo XXI,
_c1974
300 _a245 paginas
336 _2rdacontent
_atexto
337 _2rdamedia
_asin medio
338 _2rdacarrier
_avolumen
490 0 _aEducación
500 _aTraducción de: Pedagogia do oprimido
650 4 _aEducación
_xFilosofía
_933922
700 1 _aMellado, Jorge,
_etraductor
_933923
942 _2lcc
_n1
_cBK
999 _c13643
_d13643